[Event "Groningen op"]
[Site "Groningen"]
[Date "1995.??.??"]
[Round "?"]
[White "Degraeve, Jean Marc"]
[Black "Howell, James C"]
[Result "1/2-1/2"]
[WhiteElo "2410"]
[BlackElo "2525"]

1.Nf3 Nf6 2.c4 g6 3.Nc3 Bg7 4.e4 d6 5.d4 O-O 6.Be2 e5 7.O-O Nc6 8.d5 Ne7
9.b4 Nh5 10.Re1 f5 11.Ng5 Nf6 12.f3 c6 13.Kh1 h6 14.Ne6 Bxe6 15.dxe6 Ne8
16.Qb3 Nc7 17.Be3 Kh7 18.c5 d5 19.exd5 cxd5 20.Rad1 d4 21.Nb5 Ncd5 22.Bg1 a5
23.a3 axb4 24.axb4 Nc6 25.Bc4 Ndxb4 26.Nxd4 exd4 27.e7 Nxe7 28.Qxb4 Qc7 29.Rb1 Rab8
30.Qb6 Rfc8 31.Bf7 Nc6 32.Bd5 Qxb6 33.Rxb6 Bf8 34.Bxc6 Rxc6 35.Bxd4 Rxb6
36.cxb6 Rd8 37.Bf2 Kg7 38.Rc1 Kf6 39.g4 fxg4 40.fxg4 Rd7 41.Kg2 Bd6 42.h3  1/2-1/2

[Event "Wch U16"]
[Site "Guarapuava"]
[Date "1995.??.??"]
[Round "3"]
[White "Zamora, Jorge"]
[Black "Kerek, Csaba"]
[Result "1-0"]
[WhiteElo "2385"]
[BlackElo "2100"]

1.Nf3 Nf6 2.d4 g6 3.c4 Bg7 4.Nc3 O-O 5.e4 d6 6.Be2 e5 7.O-O Nc6 8.d5 Ne7
9.Nd2 a5 10.a3 Nd7 11.Rb1 f5 12.b4 f4 13.Nb5 Nf6 14.c5 g5 15.f3 axb4 16.axb4 h5
17.Qc2 Ne8 18.Bb2 Ng6 19.Ra1 Rxa1 20.Rxa1 Bd7 21.c6 bxc6 22.dxc6 Be6 23.Bc4 Bxc4
24.Qxc4+ Kh7 25.h3 Nf6 26.Ra7 Qb8 27.Rb7 Qa8 28.Nxc7 Qa4 29.Ne6 Qd1+ 30.Nf1  1-0

[Event "Gyongyos op "]
[Site "Gyongyos"]
[Date "1995.??.??"]
[Round "?"]
[White "Volodin, Alexey"]
[Black "Purtov, Andrei"]
[Result "0-1"]
[WhiteElo "2325"]
[BlackElo "2385"]

1.c4 g6 2.Nc3 Bg7 3.d4 d6 4.e4 Nf6 5.Be2 O-O 6.Nf3 e5 7.O-O Nc6 8.d5 Ne7
9.Ne1 Nd7 10.Be3 f5 11.f3 f4 12.Bf2 g5 13.a4 Ng6 14.a5 Rf7 15.Nb5 Nf6 16.Nxa7 g4
17.Nxc8 g3 18.hxg3 Nh5 19.gxf4 exf4 20.Nd3 Rxc8 21.Qe1 Qg5 22.Bd1 Ng3 23.Nxf4 Nxf4
24.Bxg3 Bd4+ 25.Kh1 Rg7 26.Rc1 Nd3  0-1

[Event "Hajduboszormeny IM"]
[Site "Hajduboszormeny"]
[Date "1995.??.??"]
[Round "9"]
[White "Kiss, Pal"]
[Black "Borsavolgyi, Tamas"]
[Result "1/2-1/2"]
[WhiteElo "2470"]
[BlackElo "2320"]

1.d4 Nf6 2.c4 g6 3.Nc3 Bg7 4.e4 d6 5.Nf3 O-O 6.Be2 e5 7.O-O Nc6 8.d5 Ne7
9.Ne1 Ne8 10.Be3 f5 11.f3 f4 12.Bf2 h5 13.c5 Rf7 14.cxd6 cxd6 15.a4  1/2-1/2

[Event "Wch U20 Girls"]
[Site "Halle"]
[Date "1995.??.??"]
[Round "8"]
[White "Khegai, Angela"]
[Black "Todorovic, Violeta"]
[Result "1-0"]
[WhiteElo "2025"]
[BlackElo "2090"]

1.d4 Nf6 2.Nf3 g6 3.c4 Bg7 4.Nc3 d6 5.e4 O-O 6.Be2 e5 7.O-O Nc6 8.d5 Ne7
9.Ne1 Nd7 10.f3 f5 11.g4 Nf6 12.Nd3 c5 13.Be3 h5 14.g5 Nh7 15.h4 f4 16.Bf2 Bh3
17.Re1 Nc8 18.Kh2 Bd7 19.a3 a6 20.b4 b6 21.Rb1 Qc7 22.Qb3 Ne7 23.bxc5 bxc5
24.Qb6 Rfc8 25.Qxc7 Rxc7 26.Rb2 Nf8 27.Reb1 Nc8 28.Bd1 Kf7 29.Be1 Be8 30.Na4 Nd7
31.Ba5 Rca7 32.Rb7 Kg8 33.Nc3 Rxb7 34.Rxb7 Rb8 35.Rxb8 Nxb8 36.Bc7 Nd7 37.Ba4 Kf7
38.Bc6 Ndb6 39.Bb7 a5 40.Bxc8 Nxc8 41.Bxa5 Ke7 42.Nb5 Kd7 43.Nb2 Bf8 44.Na4 Be7
45.Nb6+ Nxb6 46.Bxb6 Kc8 47.Kg2 Kb7 48.Bd8 Bf8 49.Nc7 Kc8 50.Ne6 Bd7 51.Bf6  1-0

[Event "Wch U20"]
[Site "Halle"]
[Date "1995.??.??"]
[Round "9"]
[White "Hausrath, Daniel"]
[Black "Kunte, Abhijit"]
[Result "1-0"]
[WhiteElo "2370"]
[BlackElo "2290"]

1.Nf3 Nf6 2.c4 g6 3.Nc3 Bg7 4.e4 d6 5.d4 O-O 6.Be2 e5 7.O-O Nc6 8.d5 Ne7
9.Nd2 Ne8 10.b4 f5 11.c5 h5 12.a4 f4 13.Ba3 g5 14.Bxh5 Nf6 15.Be2 g4 16.Nc4 Ng6
17.cxd6 cxd6 18.b5 f3 19.gxf3 gxf3 20.Bxf3 Bh3 21.Nxd6 Nh5 22.Nf5 Rxf5 23.exf5 Nh4
24.Ne4 Nf4 25.Bg4 Bg2 26.f3 Nh3+ 27.Bxh3 Bxh3 28.Rf2 Bxf5 29.Kh1 Kh8 30.Bc1 Qb6
31.Raa2 Rf8 32.Bg5 Ng6 33.Kg2 Nf4+ 34.Bxf4 exf4 35.d6 Bd4 36.a5  1-0

[Event "Wch U20"]
[Site "Halle"]
[Date "1995.??.??"]
[Round "13"]
[White "Van de Mortel, Jan"]
[Black "Riegler, Primoz"]
[Result "1/2-1/2"]
[WhiteElo "2340"]
[BlackElo "2285"]

1.d4 Nf6 2.Nf3 g6 3.c4 Bg7 4.Nc3 O-O 5.e4 d6 6.Be2 e5 7.O-O Nc6 8.d5 Ne7
9.Ne1 Nd7 10.Be3 f5 11.f3 f4 12.Bf2 g5 13.b4 Nf6 14.c5 Ng6 15.cxd6 cxd6 16.Rc1 Rf7
17.a4 Bf8 18.a5 Bd7 19.Kh1 Rg7 20.Nb5 Bxb5 21.Bxb5 g4 22.a6 bxa6 23.Bxa6 g3
24.Bg1 gxh2 25.Bf2 Nh5 26.Qc2 Ng3+ 27.Bxg3 fxg3 28.Nd3 Be7 29.Qc6 Bg5 30.Rc4 Rb8
31.Re1 Qf8 32.Bc8 h5 33.Bh3 Nh4 34.Rf1 Ng6 35.Re1 Kh8 36.Qa4 Rf7 37.Qc2 Nh4
38.Qe2 Ng6  1/2-1/2

[Event "Wch U20 Girls"]
[Site "Halle"]
[Date "1995.??.??"]
[Round "13"]
[White "Esirkepova, Altyn"]
[Black "Velcheva, Maria"]
[Result "1-0"]
[WhiteElo "2140"]
[BlackElo "2315"]

1.d4 Nf6 2.Nf3 g6 3.c4 Bg7 4.Nc3 O-O 5.e4 d6 6.Be2 e5 7.O-O Nc6 8.d5 Ne7
9.Ne1 Nd7 10.Be3 f5 11.f3 f4 12.Bf2 g5 13.a4 Nf6 14.c5 Ng6 15.a5 Ne8 16.Qb3 Kh8
17.Nd3 h5 18.cxd6 cxd6 19.Nb5 g4 20.Rfc1 g3 21.hxg3 fxg3 22.Bxg3 Qg5 23.Bf2 Bh3
24.Ne1 Nf4 25.Bf1 h4 26.Kh1 Bd7 27.Nc7 Rc8 28.Qxb7 Nxc7 29.Rxc7 Nh5 30.Rxd7 Ng3+
31.Kg1 Bf6 32.Qxa7 Qh6 33.Rxd6 Rg8 34.Be3 Qg6 35.Rxf6 Qxf6 36.Qb6 Qg7 37.Qh6+ Qxh6
38.Bxh6 Rg6 39.Be3 h3 40.gxh3 Rcg8 41.Bb6 Nxe4+ 42.Bg2 Ng5 43.Kf2 Rf8 44.Ra4 e4
45.h4 exf3 46.Nxf3  1-0

[Event "Wichern op"]
[Site "Hamburg"]
[Date "1995.??.??"]
[Round "3"]
[White "Gustafsson, Jan"]
[Black "Volke, Karsten"]
[Result "1/2-1/2"]
[WhiteElo "2205"]
[BlackElo "2450"]

1.d4 Nf6 2.c4 g6 3.Nc3 Bg7 4.e4 d6 5.Nf3 O-O 6.Be2 e5 7.O-O Nc6 8.Be3 Ng4
9.Bg5 f6 10.Bc1 f5 11.d5 Ne7 12.Ng5 Nf6 13.exf5 Nxf5 14.Nge4 Nxe4 15.Nxe4 Nd4
16.Bg5 Qe8 17.Bd3 Bf5 18.Be3 Bxe4 19.Bxe4 Nf5 20.Qd2 Qe7 21.g3 Rf7 22.b4 Qf8
23.Rae1 Bh6 24.Bxf5 Bxe3 25.Rxe3 Rxf5 26.Kg2 Qf6 27.Qc3 Rf8 28.f3 h5 29.Re4 g5
30.h3 h4 31.g4 Rf4 32.Qe3 Kg7 33.Qe2 Rf7 34.Rf2 Qd8 35.Qe3 Qf8 36.a3 a6 37.Qe2 Qa8
38.Qd2 Kh6 39.Rf1 Qa7 40.Qf2 Qb8 41.Qe2 Qe8 42.Qd1 R7f6 43.Qc2 Qf7 44.Qd3 Kg7
45.Qd1 Kf8 46.Qd3 Ke7 47.Qd1 Kd8 48.Qd3 Kc8 49.Qd1 Kb8 50.Qd3 Rxe4 51.fxe4 Rxf1
52.Qxf1 Qf4 53.Qd3 Qc1 54.Kh2 Ka7 55.Kg2 a5 56.bxa5 Ka6 57.c5+ Kxa5 58.cxd6 Qb2+
59.Kf3 cxd6 60.Qe3 Ka4 61.Qa7+ Kb3 62.Qxb7+ Kxa3 63.Qa6+ Kb3 64.Qxd6 Qc3+
65.Ke2 Qb2+ 66.Kf3 Qc3+ 67.Ke2 Qc2+ 68.Ke3  1/2-1/2

[Event "Wichern op"]
[Site "Hamburg"]
[Date "1995.??.??"]
[Round "4"]
[White "Gleizerov, Evgeny"]
[Black "Kloepfer, Markus"]
[Result "1-0"]
[WhiteElo "2540"]
[BlackElo "2155"]

1.d4 Nf6 2.c4 g6 3.Nc3 Bg7 4.e4 d6 5.Nf3 O-O 6.Be2 e5 7.O-O Nc6 8.d5 Ne7
9.Nd2 a5 10.a3 Nd7 11.Rb1 f5 12.b4 Kh8 13.Qc2 Ng8 14.exf5 gxf5 15.f4 Ne7
16.Nf3 axb4 17.axb4 e4 18.Ne1 Nf6 19.Bb2 c6 20.Qb3 b5 21.Nc2 Qb6+ 22.Kh1 bxc4
23.Bxc4 cxd5 24.Nxd5 Nfxd5 25.Bxd5 Nxd5 26.Bxg7+ Kxg7 27.Qxd5 Bb7 28.Qd2 h6
29.Rfd1 Ra2 30.Qc3+ Kh7 31.Ne3 Rf2 32.Rbc1 Rf7 33.Nc4 Qa7 34.Nxd6 e3 35.Nxf7 Rxg2
36.Qh8+  1-0

[Event "Hania op"]
[Site "Hania"]
[Date "1995.??.??"]
[Round "6"]
[White "Kourkounakis, Ilias"]
[Black "Karayannis, Athanasios"]
[Result "1/2-1/2"]
[WhiteElo "2400"]
[BlackElo "2370"]

1.c4 Nf6 2.Nc3 g6 3.d4 Bg7 4.e4 d6 5.Nf3 O-O 6.Be2 e5 7.O-O Nc6 8.d5 Ne7
9.Nd2 h5 10.b4 Nh7 11.c5 f5 12.Nc4 fxe4 13.cxd6 cxd6 14.Nxe4 Nf5 15.b5 Rf7
16.a4 Bf8 17.f4 exf4 18.Bxf4 Be7 19.Qd3 Kg7 20.Rf2 a6 21.b6 Ng5 22.Bxg5 Bxg5
23.Raf1 Be7 24.a5 Bd7 25.Ne3 Rc8 26.Nxf5+ Rxf5 27.Qd4+ Bf6 28.Nxf6  1/2-1/2

[Event "Hastings op9495"]
[Site "Hastings"]
[Date "1995.??.??"]
[Round "7"]
[White "Sherbakov, Ruslan"]
[Black "Gufeld, Eduard"]
[Result "1/2-1/2"]
[WhiteElo "2520"]
[BlackElo "2435"]

1.d4 Nf6 2.c4 g6 3.Nc3 Bg7 4.e4 O-O 5.Nf3 d6 6.Be2 e5 7.O-O Nc6 8.d5 Ne7
9.Nd2 c5 10.dxc6 bxc6 11.b4 d5 12.Ba3 Re8 13.Re1 dxe4 14.Ncxe4 Nf5 15.Bb2 Rb8
16.a3 a5 17.Bc3 axb4 18.axb4 Nd4 19.Nxf6+ Qxf6 20.Ne4 Qe7 21.Bxd4 exd4 22.Bd3 Be6
23.Nc5 Rxb4 24.Nxe6 fxe6 25.Ra2 Rf8 26.g3 e5 27.h4 Qf7 28.Kg2 Rxc4 29.Bxc4 Qxc4
30.Rc2 Qd5+ 31.f3 c5 32.Qd3 Rc8 33.Rc4 Bh6 34.Re2 Rf8 35.Ra4 Kh8 36.Rc4 Rf7
37.Re4 Rb7 38.Re2 Rf7 39.Re4 Rb7 40.Re2 Rf7  1/2-1/2

[Event "Hastings Challengers9596"]
[Site "Hastings"]
[Date "1995.??.??"]
[Round "7"]
[White "Sher, Miron N"]
[Black "Hebden, Mark"]
[Result "0-1"]
[WhiteElo "2510"]
[BlackElo "2570"]

1.c4 g6 2.d4 Nf6 3.Nc3 Bg7 4.e4 d6 5.Nf3 O-O 6.Be2 e5 7.O-O Nc6 8.d5 Ne7
9.Ne1 Nd7 10.Be3 f5 11.f3 f4 12.Bf2 g5 13.Nd3 Nf6 14.c5 Ng6 15.Rc1 Rf7 16.a4 Bf8
17.g4 h5 18.h3 Rh7 19.a5 hxg4 20.hxg4 a6 21.b4 Be7 22.Kg2 Nh4+ 23.Bxh4 gxh4
24.cxd6 h3+ 25.Kh2 cxd6 26.Nb2 Qf8 27.Nc4 Bd8 28.Na4 Bd7 29.Nab6 Rb8 30.Nxd7 Nxd7
31.Bd3 Bh4 32.Qe2 Qh6 33.Rc2 Kh8 34.Rfc1 Rg8 35.Nd2 Nf6 36.Rc8 Rg7 37.Nf1 Bg3+
38.Kh1 Qh4 39.Rxg8+ Rxg8 40.Rc7 Bf2 41.Qc2 Be1 42.Qe2 Nh5 43.Kh2 Bxb4 44.Rxb7 Ng3
45.Qf2 Nxf1+ 46.Qxf1 Qg3+ 47.Kh1 Rc8  0-1

[Event "Hastings Masters"]
[Site "Hastings"]
[Date "1995.??.??"]
[Round "9"]
[White "Wilson, Jonathan"]
[Black "Nataf, Igor Alexandre"]
[Result "1-0"]
[WhiteElo "2245"]
[BlackElo "2370"]

1.d4 Nf6 2.c4 g6 3.Nc3 Bg7 4.e4 O-O 5.Nf3 d6 6.Be2 e5 7.O-O Nc6 8.d5 Ne7
9.Ne1 Nd7 10.Be3 f5 11.f3 f4 12.Bf2 g5 13.a4 Ng6 14.a5 Rf7 15.c5 Nxc5 16.Bxc5 dxc5
17.Bc4 Kh8 18.a6 Rf6 19.axb7 Bxb7 20.Nd3 Bf8 21.Kh1 Bc8 22.Ra5 Qe8 23.Nxc5 Nh4
24.Ne6 Qh5 25.Qe2 Bd6 26.Rfa1 Rh6 27.h3 Bd7 28.Rxa7 Rg8 29.Ra8 Qg6 30.Rxg8+ Qxg8
31.Nb5 g4 32.fxg4 f3 33.gxf3 Ng6 34.Qh2 Bxe6 35.dxe6 Nf4 36.Nxd6 cxd6 37.Bd5 Nxd5
38.exd5 Qf8 39.Qg3 Rf6 40.Kg2 Qc8 41.Qf2 Rf4 42.Qb6 e4 43.e7 Kg7 44.Qc6 Qb8
45.e8=N+ Kg8 46.Nf6+ Kf7 47.Nxe4 Rxe4 48.fxe4 Qxb2+ 49.Kf3 Qxa1 50.Qd7+ Kg8
51.Qxd6 Qh1+ 52.Kg3 Qe1+ 53.Kf4 Qf1+ 54.Kg5 Qxh3 55.Qe6+ Kg7 56.Qf6+ Kg8
57.d6 Qe3+ 58.Qf4 h6+ 59.Kf5 Qc5+ 60.e5 Qc2+ 61.Kf6 Qc8 62.e6 Qc3+ 63.Ke7 Qc5
64.Qf8+ Kh7 65.Qf5+  1-0

[Event "Helsinki We HOSK"]
[Site "Helsinki"]
[Date "1995.??.??"]
[Round "?"]
[White "Veingold, Aleksandr"]
[Black "Hartikainen, Markku"]
[Result "1-0"]
[WhiteElo "2410"]
[BlackElo "2255"]

1.d4 Nf6 2.Nf3 g6 3.c4 Bg7 4.Nc3 O-O 5.e4 d6 6.Be2 e5 7.O-O Nc6 8.d5 Ne7
9.b4 Nh5 10.g3 f5 11.Ng5 Nf6 12.f3 c6 13.Be3 f4 14.Bf2 Ne8 15.Qb3 Kh8 16.Rad1 Nxd5
17.exd5 Qxg5 18.Ne4 Qe7 19.c5 fxg3 20.hxg3 cxd5 21.Qxd5 Be6 22.cxd6 Qf7 23.Qa5 Nf6
24.Ng5 Qe8 25.Bb5 Bd7 26.Bd3 Bc6 27.b5 Bd5 28.Be4 Nxe4 29.Nxe4 Bc4 30.d7 Qd8
31.Qb4 Bxf1 32.Kxf1 Rxf3 33.Kg2 Rf7 34.Qd6 b6 35.Be3 Rf6 36.Qd5 h6 37.Qxa8 Qxa8
38.d8=Q+ Rf8 39.Qxa8 Rxa8 40.Rd6  1-0

[Event "Helsinki MatSK op"]
[Site "Helsinki"]
[Date "1995.??.??"]
[Round "?"]
[White "Riipinen, Juha"]
[Black "Sorri, Kari Juhani"]
[Result "1/2-1/2"]
[WhiteElo "2120"]
[BlackElo "2335"]

1.d4 Nf6 2.c4 g6 3.Nc3 Bg7 4.e4 d6 5.Be2 O-O 6.Nf3 e5 7.O-O Nc6 8.d5 Ne7
9.Ne1 Ne8 10.Nd3 f5 11.b4 a5 12.bxa5 c5 13.dxc6 bxc6 14.Rb1 Qxa5 15.Qb3 Be6
16.Bg5 Nf6 17.Rfc1 h6 18.Bd2 Rf7 19.Qb7 Qd8 20.Nb4 Rc8 21.Na6 fxe4 22.Qb6 Qd7
23.Qb7 Nf5 24.Qxc8+ Qxc8 25.Rb8 Rb7 26.Rb1 Rxb1+ 27.Nxb1 Nd4 28.Bf1 d5 29.cxd5 cxd5
30.a4 Bf8 31.Rxc8 Bxc8 32.Ba5 Nc6 33.Bc7 Ne8 34.Bb6 Nd6 35.Nc7 d4 36.Nb5 d3
37.Nxd6 Bxd6 38.Be3 h5 39.Nd2 Bf5 40.Nc4 Bb4 41.h3 Bc3 42.f3 Bd4 43.Kf2 Bc3
44.fxe4 Bxe4 45.Nd6 Bf5 46.Nxf5 gxf5 47.Bxd3 f4 48.Bb6 Kf7 49.Be4  1/2-1/2

[Event "Helsinki"]
[Site "Helsinki"]
[Date "1995.??.??"]
[Round "?"]
[White "Lampen, Timo"]
[Black "Maki, Veijo"]
[Result "0-1"]
[WhiteElo "2210"]
[BlackElo "2410"]

1.d4 g6 2.c4 Bg7 3.Nc3 d6 4.e4 Nf6 5.Nf3 O-O 6.Be2 e5 7.O-O Nc6 8.d5 Ne7
9.Ne1 Nd7 10.Be3 f5 11.f3 f4 12.Bf2 g5 13.a4 Rf6 14.a5 Rh6 15.Nb5 Qe8 16.g4 fxg3
17.Bxg3 Qd8 18.Ng2 a6 19.Nc3 Nf6 20.Ne3 Nh5 21.Rf2 Nf4 22.Bf1 Rg6 23.Rc2 h5
24.b4 Bh6 25.c5 g4 26.fxg4 Nh3+ 27.Bxh3 Bxe3+ 28.Bf2 Bf4 29.cxd6 cxd6 30.Bb6 Qf8
31.b5 Qh6 32.bxa6 bxa6 33.Raa2 Kh8 34.Ne2 Be3+ 35.Kh1 Bxg4 36.Bxg4 Rxg4 37.Ng3 Rag8
38.Rg2 Bf4 39.Qd3 Qg5  0-1

[Event "Hillerod Politiken"]
[Site "Hillerod"]
[Date "1995.??.??"]
[Round "7"]
[White "Olafsson, Helgi"]
[Black "Borge, Nikolaj"]
[Result "0-1"]
[WhiteElo "2520"]
[BlackElo "2405"]

1.d4 Nf6 2.c4 g6 3.Nc3 Bg7 4.e4 d6 5.Be2 O-O 6.Nf3 e5 7.O-O Nc6 8.d5 Ne7
9.b4 Nh5 10.g3 f5 11.Ng5 Nf6 12.f3 f4 13.Kg2 Kh8 14.Rb1 c6 15.b5 c5 16.Qd3 Ne8
17.b6 Nxd5 18.Nxd5 Qxg5 19.Kh1 Qh6 20.Nc7 Nxc7 21.bxc7 g5 22.gxf4 gxf4 23.Rd1 Rf6
24.Bf1 Qh5 25.Qa3 b6 26.Rd2 Bb7 27.Rxb6 axb6 28.Qxa8+ Bxa8 29.c8=Q+ Rf8 30.Qh3 Qxh3
31.Bxh3 Rd8 32.Rb2 Rb8 33.a4 Bf6 34.a5 Bd8 35.Bd7 Bb7 36.axb6 Ba6 37.Bb5 Bc8
38.Rd2 Rxb6 39.Ra2 Rb8 40.Bd2 Bb7 41.Bc3 Bb6 42.Rd2 Bc7 43.Ra2 Kg7 44.Kg2 Kf7
45.Kf1 Bd8 46.Ke2 Bb6 47.Bd7 Rg8 48.Rb2 Rg2+ 49.Kd3 Rxb2 50.Bxb2 Ba5 51.Bc3 Bxc3
52.Kxc3 Ke7 53.Bg4 Bc6 54.Kb3 Kd8 55.h4 Be8 56.Kc3 Bf7 57.Bf5 h6 58.Bg4 Kc7
59.Kb3 Kb6 60.Kc3 Ka5 61.Kb3 Be8 62.Ka3 Bg6 63.Kb3 Bf7 64.Bh3 Bh5 65.Bg2 Kb6
66.Kc3 Ka6 67.Kb2 Bf7 68.Kb3 Be6 69.Bf1 Bd7 70.Be2 Kb6 71.Bd1 Kc7 72.Ka3 Kd8
73.Ba4 Bh3 74.Bd1 Bf1 75.Kb3 Ke7 76.Kc3 Kf6  0-1

[Event "EU-ch U20"]
[Site "Holon"]
[Date "1995.??.??"]
[Round "6"]
[White "Kovacevic, Blazimir"]
[Black "Knoflicek, Ctibor"]
[Result "1-0"]
[WhiteElo "2340"]
[BlackElo "2195"]

1.d4 Nf6 2.Nf3 g6 3.c4 Bg7 4.Nc3 O-O 5.e4 d6 6.Be2 e5 7.O-O Nc6 8.d5 Ne7
9.Ne1 Ne8 10.f3 f5 11.g4 Kh8 12.Be3 Ng8 13.Nd3 Bf6 14.c5 h5 15.h3 Rf7 16.Kg2 Rh7
17.Rh1 Nh6 18.Qd2 Nf7 19.a4 f4 20.Bf2 Bh4 21.Qe1 Bxf2 22.Qxf2 Nf6 23.a5 Kg7
24.b4 Qh8 25.Qe1 Bd7 26.Nf2 Rh6 27.a6 b6 28.cxb6 cxb6 29.Bb5 Bxb5 30.Nxb5 Qd8
31.Rc1 hxg4 32.hxg4 Rxh1 33.Qxh1 Ne8 34.Qe1 Qd7 35.Qe2 Nd8 36.Rc3 Kg8 37.Kf1 Kg7
38.Ke1 Kg8 39.Nh3 Nf7 40.Qc4 Nd8 41.Ng5 Kf8 42.Nc7 Rb8 43.Nxe8 Kxe8 44.Qc7 Ra8
45.Kd2 Ke7 46.Nh7 Qxc7 47.Rxc7+ Ke8 48.Ng5 Rb8 49.Rxa7 b5 50.Ne6 Nxe6 51.dxe6 Rb6
52.Ra8+ Ke7 53.a7  1-0

[Event "HUN-chT1"]
[Site "HUN"]
[Date "1995.??.??"]
[Round "?"]
[White "Szabolcsi, Janos"]
[Black "Schneider, Attila"]
[Result "1/2-1/2"]
[WhiteElo "2470"]
[BlackElo "2360"]

1.d4 Nf6 2.c4 g6 3.Nc3 Bg7 4.e4 d6 5.Be2 O-O 6.Nf3 e5 7.O-O Nc6 8.dxe5 dxe5
9.Qxd8 Rxd8 10.Bg5 Rd7 11.Bd1 h6 12.Be3 Ng4 13.Bc5 b6 14.Ba4 Bb7 15.Ba3 Rdd8
16.Nd5 Nd4 17.h3 Nf6 18.Rfe1 Nxd5 19.cxd5 c5  1/2-1/2

[Event "HUN-chT1"]
[Site "HUN"]
[Date "1995.??.??"]
[Round "?"]
[White "Wells, Peter K"]
[Black "Groszpeter, Attila"]
[Result "1/2-1/2"]
[WhiteElo "2530"]
[BlackElo "2520"]

1.d4 Nf6 2.c4 g6 3.Nc3 Bg7 4.e4 d6 5.Nf3 O-O 6.Be2 e5 7.O-O Nc6 8.d5 Ne7
9.Ne1 Nd7 10.Be3 f5 11.f3 f4 12.Bf2 g5 13.a4 Ng6 14.a5 h5 15.Nb5 Nf6 16.Nxa7 Bd7
17.c5 Rxa7 18.c6 bxc6 19.dxc6 Ra8 20.cxd7 Qxd7 21.Qa4 Qe7 22.Nd3 g4 23.Kh1 g3
24.Bg1 gxh2 25.Bxh2 h4 26.Nf2 Nh5 27.Bc4+ Kh8 28.Rfe1 Ng3+ 29.Kg1 Bf6 30.a6 h3
31.Nxh3 c6 32.Nf2 Qa7 33.Qxc6 Bh4 34.Be6 Rab8 35.Qc2 Rb6 36.Rac1 Rxa6 37.Bf5 Ne7
38.Bg4 Rc6 39.Qd2 Rxc1 40.Rxc1 Qb6 41.Bxg3 Bxg3 42.Kf1 Rb8 43.Nd3 Qd4 44.Be6 Kg7
45.Rc4 Qa7 46.Ke2 Kf6 47.Bh3 Rb3 48.Kd1 Qg1+ 49.Kc2 Rb6 50.Qc1 Qe3 51.Bd7 d5
52.exd5 Nxd5 53.Re4 Qxc1+ 54.Kxc1 Ne3 55.Nxe5 Rd6 56.Ng4+ Kg5 57.Nxe3 fxe3
58.Bb5 Bf2  1/2-1/2

[Event "HUN-chT1"]
[Site "HUN"]
[Date "1995.??.??"]
[Round "?"]
[White "Halasz, Tamas"]
[Black "Boros, Daniel"]
[Result "0-1"]
[WhiteElo "2365"]
[BlackElo "2285"]

1.d4 Nf6 2.Nf3 g6 3.c4 Bg7 4.Nc3 O-O 5.e4 d6 6.Be2 e5 7.O-O Nc6 8.d5 Ne7
9.b4 a5 10.Ba3 axb4 11.Bxb4 Nd7 12.a4 h6 13.Nd2 f5 14.Nb3 Nf6 15.f3 c5 16.Ba3 h5
17.Bc1 f4 18.Kf2 g5 19.Ke1 Ng6 20.Kd2 Rf7 21.Kc2 Bd7 22.Bd2 b6 23.Ra3 Be8
24.Qa1 Rfa7 25.Nb5 Ra6 26.Qa2 g4 27.Kd3 Nh4 28.Rg1 Nxd5 29.Nxc5 Nb4+ 30.Bxb4 dxc5+  0-1

[Event "HUN-chT1"]
[Site "HUN"]
[Date "1995.??.??"]
[Round "?"]
[White "Csonkics, Tunde"]
[Black "Pesztericz, Laszlo"]
[Result "1/2-1/2"]
[WhiteElo "2280"]
[BlackElo "2125"]

1.d4 Nf6 2.c4 g6 3.Nc3 Bg7 4.e4 d6 5.Be2 O-O 6.Nf3 e5 7.O-O Nc6 8.Be3 Ng4
9.Bg5 f6 10.Bc1 Nh6 11.dxe5 dxe5 12.Nd5 Be6 13.Be3  1/2-1/2

[Event "HUN-chT1"]
[Site "HUN"]
[Date "1995.??.??"]
[Round "?"]
[White "Besztercsenyi, Tibor"]
[Black "Ozsvath, Andras"]
[Result "1-0"]
[WhiteElo "2275"]
[BlackElo "2290"]

1.e4 g6 2.d4 Bg7 3.c4 d6 4.Nc3 Nf6 5.Nf3 O-O 6.Be2 e5 7.O-O Nc6 8.h3 Nh5
9.d5 Ne7 10.Ne1 Nf4 11.Be3 Kh8 12.Nd3 Nxd3 13.Qxd3 f5 14.Kh2 f4 15.Bd2 Ng8
16.g3 Qg5 17.Kg2 Qh6 18.Rh1 g5 19.Rag1 Qf6 20.Kf1 fxg3 21.Rxg3 h6 22.Nd1 Ne7
23.Bh5 Ng6 24.Bxg6 Qxg6 25.h4 Qh5 26.Qe2 Qxe2+ 27.Kxe2 gxh4 28.Rxh4 Kh7 29.Rxg7+ Kxg7
30.Bxh6+ Kf7 31.Bxf8 Kxf8 32.Ne3 Kg7 33.Rh1 Bd7 34.Rc1 b6 35.Rg1+ Kf6 36.Rh1 Kg6
37.f3 a5 38.Kf2 a4 39.Ke2 b5 40.cxb5 Bxb5+ 41.Kd2 Rf8 42.Rg1+ Kf6 43.Nd1 Rh8
44.Nf2 c6 45.dxc6 Bxc6 46.b4 axb3 47.axb3 d5 48.Ra1 Ke6 49.Ra6 Kd7 50.Ng4 Bb7
51.Nxe5+ Kc7 52.Ra4 dxe4 53.fxe4 Re8 54.Rc4+ Kb6 55.Nd7+ Kb5 56.Nc5 Bc6 57.Ke3 Bd5
58.Rc3 Kb4 59.Kd2 Bxe4 60.Rc4+ Ka3 61.Kc3 Bc6 62.Nd3 Bd7 63.b4 Bb5 64.Rc5 Rb8
65.Ne1 Ba4 66.Nd3 Bb5 67.Nb2 Ka2 68.Nc4 Ka1 69.Na3 Bd7 70.Ra5 Rc8+ 71.Nc4+ Kb1
72.Re5 Re8 73.Rd5 Bg4 74.b5 Rc8 75.Re5 Kc1 76.b6 Rf8 77.b7 Bd1 78.Re1 Rb8
79.Ne3 Kb1 80.Rxd1+ Ka2  1-0

[Event "HUN-chT1"]
[Site "HUN"]
[Date "1995.??.??"]
[Round "?"]
[White "Mann, Gerald"]
[Black "Farago, Sandor"]
[Result "0-1"]
[WhiteElo "2350"]
[BlackElo "2360"]

1.d4 Nf6 2.c4 g6 3.Nc3 Bg7 4.e4 d6 5.Be2 O-O 6.Nf3 e5 7.O-O Nc6 8.d5 Ne7
9.Ne1 Ne8 10.f3 f5 11.Be3 c5 12.Nd3 f4 13.Bf2 h5 14.b4 b6 15.a4 a5 16.bxa5 Rxa5
17.Qb3 Bd7 18.Rfb1 Nc8 19.Nb5 g5 20.Be1 Ra8 21.Ra2 g4 22.Rba1 Qg5 23.a5 bxa5
24.Nxd6 a4 25.Qb7 Ra7 26.Qb8 Nexd6 27.Nxc5 gxf3 28.Bxf3 Nxc4 29.Rc1 N4d6
30.Rac2 a3 31.Bf2 Qe7 32.Bxh5 a2 33.Ra1 Be8 34.Bg4 Rc7 35.Rcxa2 Bg6 36.Be6+ Kh7
37.Ra3 Bf6 38.Rh3+ Kg7 39.Bg4 Bf7 40.Qb3 Na7 41.Ne6+ Bxe6 42.Bxe6 Nab5 43.Qf3 Qe8
44.Bf5 Nxf5 45.exf5 Rc8 46.Bb6 Rc3 47.Ra7+ Nxa7 48.Qxc3 Qd7 49.Qa5 Nc8 50.Bc5 Ne7
51.Rc3 Qxd5  0-1

[Event "HUN-chT1"]
[Site "HUN"]
[Date "1995.??.??"]
[Round "?"]
[White "Mann, Gerald"]
[Black "Berta, Krisztian"]
[Result "1-0"]
[WhiteElo "2350"]
[BlackElo "2245"]

1.d4 Nf6 2.c4 g6 3.Nc3 Bg7 4.e4 d6 5.Be2 O-O 6.Nf3 e5 7.O-O Nc6 8.d5 Ne7
9.Ne1 Nd7 10.Be3 f5 11.f3 Nf6 12.c5 f4 13.Bf2 g5 14.a4 h5 15.cxd6 cxd6 16.a5 Rf7
17.Nb5 g4 18.Bxa7 Rxa7 19.Nxa7 Bd7 20.fxg4 hxg4 21.Ra3 Nxe4 22.Bxg4 Nf5 23.Qc2 Ng5
24.Bh5 Rf6 25.Nf3 Nxf3+ 26.Bxf3 Nd4 27.Qc4 Qb8 28.Nc6 bxc6 29.dxc6+ Be6 30.c7 Qc8
31.Bg4 Bxc4 32.Bxc8 Nb5 33.Ba6 Rf8 34.Rc3 Nxc3 35.Bxc4+ d5 36.Ba6 Ne2+ 37.Bxe2 Rc8
38.Rc1 e4 39.Bg4 Bd4+ 40.Kf1 Bxb2 41.Bxc8 Bxc1 42.Be6+  1-0

[Event "HUN-chT1"]
[Site "HUN"]
[Date "1995.??.??"]
[Round "?"]
[White "Lukacs, Peter"]
[Black "Vigh, Bela"]
[Result "1-0"]
[WhiteElo "2490"]
[BlackElo "2370"]

1.d4 Nf6 2.c4 g6 3.Nc3 Bg7 4.e4 d6 5.Nf3 O-O 6.Be2 e5 7.O-O Nc6 8.d5 Ne7
9.Nd2 Nd7 10.b4 a5 11.bxa5 Rxa5 12.Nb3 Ra8 13.a4 f5 14.f3 Nf6 15.Be3 Rf7
16.c5 Bf8 17.a5 Bd7 18.Rc1 Qe8 19.cxd6 cxd6 20.Nd2 Rxa5 21.Nc4 Ra6 22.Qb3 b5
23.Nd2 Ra8 24.Bxb5 fxe4 25.fxe4 Ng4 26.Rxf7 Kxf7 27.Nc4 Qb8 28.Bb6 Bxb5 29.Nxb5 Kg8
30.Bc7 Qb7 31.Ncxd6 Qa6 32.Qf3 Bh6 33.Qxg4 Bxc1 34.Qe6+ Kh8 35.Qf6+ Kg8 36.Qf7+ Kh8
37.Nf5  1-0

[Event "HUN-chT1"]
[Site "HUN"]
[Date "1995.??.??"]
[Round "?"]
[White "Lukacs, Peter"]
[Black "Szuk, Balazs"]
[Result "0-1"]
[WhiteElo "2490"]
[BlackElo "2335"]

1.d4 Nf6 2.c4 g6 3.Nc3 Bg7 4.e4 d6 5.Nf3 O-O 6.Be2 e5 7.O-O Nc6 8.d5 Ne7
9.Nd2 a5 10.a3 Nd7 11.Rb1 f5 12.b4 Kh8 13.f3 Ng8 14.Qc2 Ngf6 15.Bd3 f4 16.Be2 h5
17.Nb5 b6 18.Bb2 Ne8 19.c5 bxc5 20.bxc5 Nxc5 21.a4 g5 22.Ba3 Na6 23.Rfc1 g4
24.Nb3 Rg8 25.Nxa5 Bh6 26.Rd1 Qh4 27.Rd2 Nf6 28.Nxd6 cxd6 29.Bxd6 g3 30.h3 Bxh3
31.gxh3 g2 32.Bxa6 Qxh3 33.Rxg2 Rxg2+ 34.Qxg2 Rg8 35.Bf1 Rxg2+ 36.Bxg2 Qg3
37.Bxe5 Bg7 38.Bc3 Nxe4 39.Bxg7+ Kxg7 40.fxe4 f3 41.Rb2 h4 42.Nc4 h3 43.Ne3 Qe1+
44.Kh2 Qxe3 45.Rb7+ Kf6 46.Bxh3 Qf2+ 47.Kh1 Qg3 48.Rh7 f2 49.Bg2 Qf4 50.Rh8 Kg7  0-1

[Event "HUN-chT1"]
[Site "HUN"]
[Date "1995.??.??"]
[Round "?"]
[White "Lehmann, Zoltan"]
[Black "Pesztericz, Laszlo"]
[Result "1-0"]
[WhiteElo "2340"]
[BlackElo "2125"]

1.d4 Nf6 2.c4 g6 3.Nc3 Bg7 4.e4 d6 5.Nf3 O-O 6.Be2 e5 7.O-O Nc6 8.d5 Ne7
9.Bg5 h6 10.Bxf6 Bxf6 11.b4 a5 12.a3 axb4 13.axb4 Rxa1 14.Qxa1 c6 15.Nd2 Bg5  1-0

[Event "HUN-chT2 9495"]
[Site "HUN"]
[Date "1995.??.??"]
[Round "?"]
[White "Kovacs, Elod"]
[Black "Palvolgyi, Istvan"]
[Result "1/2-1/2"]
[WhiteElo "2245"]
[BlackElo "2245"]

1.d4 Nf6 2.c4 g6 3.Nc3 Bg7 4.e4 d6 5.Be2 O-O 6.Nf3 e5 7.O-O Nc6 8.d5 Ne7
9.b4 Ne8 10.Nd2 f5 11.f3 f4 12.c5 g5 13.Nc4 Rf7 14.Bd2 Ng6 15.a4 Bf8 16.c6 h5
17.cxb7 Bxb7 18.Be1 Rg7 19.Na5 Bc8 20.Nc6 Qf6 21.Ra2 g4 22.fxg4 Qg5 23.gxh5 Nh4
24.Bf3 Nxf3+ 25.Qxf3 Nf6 26.h3 Nxh5 27.a5 Bd7 28.a6 Qh6 29.Qd3 Kh8 30.Rf3 Be7
31.Nxe7 Rxe7 32.Nb5 Be8 33.Rc2 Qh7 34.Bf2 Nf6  1/2-1/2